[Event "NK senioren en veteranen 2015"]
[Site "Oosterbeek, Netherlands"]
[Date "2015.07.05"]
[Round "2"]
[White "Goossen, Theo"]
[Black "Reulink, Fred"]
[Result "0-1"]
[WhiteElo "1962"]
[BlackElo "2025"]
[PlyCount "151"]
[EventDate "2015.??.??"]

1. e4 c5 2. c3 d5 3. exd5 Nf6 4. Nf3 Nxd5 5. d4 e6 6. Bd3 Nc6 7. dxc5 Bxc5 8.
O-O O-O 9. Qe2 Qc7 10. Ng5 h6 11. Ne4 Be7 12. Bc2 e5 13. Na3 Be6 14. Be3 b6 15.
Nb5 Qb8 16. c4 Nxe3 17. fxe3 a6 18. Nbc3 b5 19. Nd5 bxc4 20. Qxc4 Bxd5 21. Qxd5
Qb6 22. Qd3 Rfd8 23. Qb3 Qxb3 24. Bxb3 Rf8 25. Bd5 Rac8 26. Rac1 Na7 27. Rxc8
Nxc8 28. Rf5 Nb6 29. Rxe5 Nxd5 30. Rxd5 Rc8 31. Kf2 g6 32. Ke2 Rc1 33. Rd1 Rc2+
34. Rd2 Rc1 35. a3 f5 36. Nf2 Kf7 37. Nd3 Rc7 38. Nf4 Rb7 39. g3 Rb3 40. Nd5
Bg5 41. Nc3 Bf6 42. Nd1 h5 43. Rd3 Rb8 44. b4 h4 45. Rd6 Ra8 46. gxh4 Bxh4 47.
h3 Be7 48. Rb6 a5 49. Nc3 axb4 50. axb4 Rh8 51. Rb7 Ke6 52. Rb6+ Ke5 53. Kd3
Rxh3 54. Rb5+ Ke6 55. Ne2 Bg5 56. Nd4+ Kf6 57. Rb6+ Kf7 58. Rb7+ Ke8 59. Rb6
Rxe3+ 60. Kc4 Kf7 61. Rb7+ Re7 62. Rxe7+ Bxe7 63. b5 Bd8 64. Nc6 Bc7 65. Kd5
Kf6 66. Nd4 Bb6 67. Ne6 g5 68. Nf8 g4 69. Nd7+ Kg5 70. Nxb6 g3 71. Nd7 g2 72.
Ne5 Kf4 73. Ng6+ Kg3 74. Ne7 f4 75. b6 g1=Q 76. Nf5+ 0-1

[Event "NK senioren en veteranen 2015"]
[Site "Oosterbeek, Netherlands"]
[Date "2015.07.05"]
[Round "2"]
[White "Mostertman, Loek"]
[Black "Toorman, Jan"]
[Result "0-1"]
[WhiteElo "1945"]
[BlackElo "2013"]
[PlyCount "100"]
[EventDate "2015.??.??"]

1. e4 c5 2. Nf3 e6 3. c3 d5 4. e5 Nc6 5. d4 b6 6. a3 c4 7. Be3 Nge7 8. Nbd2 Bd7
9. g3 Nf5 10. Bg5 Qc7 11. g4 Nfe7 12. Bg2 h6 13. Be3 O-O-O 14. b4 f5 15. exf6
gxf6 16. b5 Na5 17. a4 Ng6 18. O-O Bd6 19. h3 Nf4 20. Bxf4 Bxf4 21. Rb1 Rdg8
22. Re1 h5 23. g5 Bxg5 24. Nxg5 Rxg5 25. Kh1 Rhg8 26. Rg1 Qf4 27. Qe2 Nb7 28.
Qe3 Qf5 29. h4 Rg4 30. Bh3 Rxg1+ 31. Rxg1 Rxg1+ 32. Kxg1 Qg6+ 33. Kh2 Qf7 34.
Qf4 Qe7 35. Nf3 Qd6 36. Kg3 Kd8 37. Ne1 Qxf4+ 38. Kxf4 Nd6 39. Bg2 Nf5 40. Bf3
Nxh4 41. Bxh5 Nf5 42. Nc2 Ke7 43. Bg4 Ng7 44. Ne3 Kd6 45. Bf3 e5+ 46. dxe5+
fxe5+ 47. Kg5 Ne6+ 48. Kf6 Nf4 49. Bg4 Bxg4 50. Nxg4 Nd3 0-1

[Event "NK senioren en veteranen 2015"]
[Site "Oosterbeek, Netherlands"]
[Date "2015.07.05"]
[Round "2"]
[White "Hoynck van Papendrecht, Fr"]
[Black "Erwich, Frans"]
[Result "1-0"]
[WhiteElo "2011"]
[BlackElo "1949"]
[PlyCount "93"]
[EventDate "2015.??.??"]

1. f4 g6 2. Nf3 Bg7 3. c3 Nf6 4. d3 O-O 5. e4 d6 6. Be2 Nc6 7. O-O Bg4 8. Qe1
Bxf3 9. Rxf3 e5 10. Rh3 d5 11. fxe5 Nxe5 12. d4 Ned7 13. e5 Ne4 14. Nd2 Ng5 15.
Rg3 c5 16. Bf3 cxd4 17. cxd4 Ne6 18. Nb3 a5 19. Bxd5 a4 20. Bxe6 fxe6 21. Nd2
Qb6 22. Qe3 Qb5 23. Nf3 Rac8 24. b3 Nb6 25. bxa4 Qxa4 26. Qb3 Qc6 27. Ba3 Rf4
28. Rb1 Nd5 29. Qxb7 Qxb7 30. Rxb7 Re4 31. Bc5 Bh6 32. Ng5 Bxg5 33. Rxg5 Nf4
34. Kf2 Nd3+ 35. Kf3 Nxc5 36. dxc5 Ra4 37. Rg4 Rxa2 38. Rc4 Rf8+ 39. Ke3 Rxg2
40. c6 Ra2 41. c7 Raa8 42. Kd4 Rac8 43. Kc5 Rfe8 44. Kd6 g5 45. h4 gxh4 46.
Rxh4 Kg7 47. Rg4+ 1-0

[Event "NK senioren en veteranen 2015"]
[Site "Oosterbeek, Netherlands"]
[Date "2015.07.05"]
[Round "2"]
[White "Fassaert, Désiré"]
[Black "Etmans, Maarten"]
[Result "0-1"]
[WhiteElo "1910"]
[BlackElo "1987"]
[PlyCount "138"]
[EventDate "2015.??.??"]

1. Nf3 e6 2. g3 b5 3. Bg2 Bb7 4. a4 b4 5. c4 c5 6. b3 Be7 7. Bb2 Bf6 8. Qc2 Nc6
9. O-O Nh6 10. d3 Nf5 11. e3 O-O 12. Nbd2 Bxb2 13. Qxb2 Qc7 14. Rfd1 d6 15. d4
Qe7 16. Rab1 Rad8 17. Ne4 Na5 18. Ned2 Rfe8 19. Ne1 Qf6 20. Bxb7 Nxb7 21. Ne4
Qg6 22. dxc5 dxc5 23. Qe5 f6 24. Qc7 Qf7 25. Qxf7+ Kxf7 26. Nd3 Rc8 27. Rb2 Ke7
28. Rbd2 Red8 29. Kf1 Rc7 30. Ke2 Nfd6 31. Nxd6 Rxd6 32. Nc1 Rxd2+ 33. Rxd2 Na5
34. Rd3 Rd7 35. Rxd7+ Kxd7 36. Kd3 e5 37. Ke4 Ke6 38. g4 g6 39. f3 f5+ 40. Kd3
e4+ 41. Ke2 fxg4 42. fxg4 Kf6 43. Kf2 Nc6 44. Kg3 Ne5 45. h3 h5 46. gxh5 gxh5
47. Kh4 Kg6 48. Ne2 Nf3+ 49. Kg3 Kf5 50. h4 Nd2 51. Nc1 a5 52. Kh3 Nf1 53. Ne2
Nxe3 54. Ng3+ Kf4 55. Nxh5+ Kf3 56. Ng3 Nxc4 57. h5 Ne5 58. h6 e3 59. h7 Ng6
60. Nf1 e2 61. Nd2+ Ke3 62. Nc4+ Kd4 63. Nd2 Kc3 64. Nf3 c4 65. bxc4 b3 66. c5
b2 67. c6 b1=Q 68. c7 Qf5+ 69. Kg3 Qf4+ 0-1

[Event "NK senioren en veteranen 2015"]
[Site "Oosterbeek, Netherlands"]
[Date "2015.07.06"]
[Round "3"]
[White "Vogel, Jaap"]
[Black "Van den Berg, Ad"]
[Result "1/2-1/2"]
[WhiteElo "2173"]
[BlackElo "2199"]
[PlyCount "26"]
[EventDate "2015.??.??"]

1. d4 d6 2. Nf3 g6 3. g3 Bg7 4. Bg2 e5 5. dxe5 dxe5 6. Qxd8+ Kxd8 7. Nc3 c6 8.
h4 h6 9. Be3 Bf5 10. O-O-O+ Nd7 11. Bc5 Ke8 12. Bd6 Ne7 13. Nd2 Be6 1/2-1/2

[Event "NK senioren en veteranen 2015"]
[Site "Oosterbeek, Netherlands"]
[Date "2015.07.06"]
[Round "3"]
[White "Homs, Guust"]
[Black "Jonkman, Fokke"]
[Result "1/2-1/2"]
[WhiteElo "2188"]
[BlackElo "2088"]
[PlyCount "90"]
[EventDate "2015.??.??"]

1. e4 c5 2. Nf3 g6 3. c3 Bg7 4. d4 cxd4 5. cxd4 d5 6. exd5 Nf6 7. Bc4 O-O 8.
Nc3 Nbd7 9. d6 exd6 10. O-O Nb6 11. Bb3 d5 12. Ne5 Ne4 13. Bf4 Nxc3 14. bxc3 f6
15. Nd3 g5 16. Bg3 Nc4 17. Re1 b6 18. Qf3 g4 19. Qf4 f5 20. Re2 Qf6 21. Qc7 Be6
22. Rae1 Bf7 23. Be5 Qd8 24. Qxd8 Rfxd8 25. Bxg7 Kxg7 26. Bxc4 dxc4 27. Nf4 Re8
28. Kf1 Rxe2 29. Rxe2 Kf6 30. Ke1 Rd8 31. Re5 Rd7 32. Kd2 a6 33. a3 Re7 34.
Rxe7 Kxe7 35. g3 b5 36. Ng2 Bd5 37. Ne3 Be4 38. a4 Kd6 39. axb5 axb5 40. Kc1
Ke6 41. Kb2 Bc6 42. Ka3 Bd7 43. Kb4 Kd6 44. Ka5 Kc6 45. Kb4 Kd6 1/2-1/2

[Event "NK senioren en veteranen 2015"]
[Site "Oosterbeek, Netherlands"]
[Date "2015.07.06"]
[Round "3"]
[White "Caljé, Tom"]
[Black "Boersma, Jan"]
[Result "1/2-1/2"]
[WhiteElo "1983"]
[BlackElo "2145"]
[PlyCount "44"]
[EventDate "2015.??.??"]

1. d4 Nf6 2. Nc3 d5 3. Bg5 e6 4. e3 a6 5. Nf3 c5 6. Bd3 Nc6 7. O-O b5 8. dxc5
Bxc5 9. e4 d4 10. e5 dxc3 11. exf6 gxf6 12. Be4 Bd7 13. Bh4 cxb2 14. Rb1 Be7
15. c4 f5 16. Bxe7 Qxe7 17. Bd3 bxc4 18. Bxc4 O-O 19. Rxb2 Na5 20. Be2 Qf6 21.
Rb6 Rfd8 22. Qe1 Nc6 1/2-1/2

[Event "NK senioren en veteranen 2015"]
[Site "Oosterbeek, Netherlands"]
[Date "2015.07.06"]
[Round "3"]
[White "Van Leeuwen, Etienne"]
[Black "Van Lanen, Toon"]
[Result "1/2-1/2"]
[WhiteElo "2032"]
[BlackElo "2141"]
[PlyCount "356"]
[EventDate "2015.??.??"]

1. e4 c5 2. Nf3 Nc6 3. d4 cxd4 4. Nxd4 e5 5. Nb5 a6 6. Nd6+ Bxd6 7. Qxd6 Qe7 8.
Qd1 Nf6 9. Nc3 d6 10. Bg5 Be6 11. Nd5 Bxd5 12. exd5 Nb8 13. Be2 Nbd7 14. c4 h6
15. Bxf6 Nxf6 16. O-O O-O 17. b4 a5 18. a3 Qc7 19. Qb3 b6 20. Rfc1 Ra7 21. Rab1
axb4 22. axb4 Rfa8 23. Qd1 Rd8 24. Ra1 Rda8 25. Bf1 g6 26. g3 Kg7 27. Qe1 Ra3
28. Rxa3 Rxa3 29. Ra1 Qa7 30. Rxa3 Qxa3 31. h3 Qb3 32. Kg2 Qb2 33. Kg1 h5 34.
Bg2 Ng8 35. f4 exf4 36. gxf4 Nf6 37. f5 gxf5 38. Qg3+ Kh7 39. Qxd6 h4 40. Qf4
Kg6 41. c5 Nh5 42. Qxh4 bxc5 43. bxc5 Qc1+ 44. Kh2 Qxc5 45. Bf3 Qc2+ 46. Bg2
Qd2 47. Kg1 Qd1+ 48. Kh2 Qd2 49. Kg1 Qc1+ 50. Kh2 Qc7+ 51. Kg1 Qe5 52. Bf3 Nf4
53. Qg3+ Kf6 54. Qh4+ Kg6 55. Qg3+ Kh6 56. Qh4+ Kg7 57. Qg3+ Kf8 58. Kh2 Ke7
59. Qg5+ Kd7 60. Qg3 Qe3 61. h4 Ng6 62. Bg2 Qh6 63. Kh3 Nf4+ 64. Kh2 Nxg2 65.
Kxg2 Qd2+ 66. Qf2 Qxd5+ 67. Qf3 Qe4 68. h5 Ke7 69. Kg3 Kf8 70. Qf4 Kg7 71. Qg5+
Kh7 72. h6 Qe5+ 73. Kf3 Qe4+ 74. Kg3 Qe5+ 75. Kf3 Qd5+ 76. Kg3 Qd6+ 77. Kf3
Qxh6 78. Qxf5+ Kg7 79. Kg3 Qd6+ 80. Kg4 Qg6+ 81. Kf4 Qd6+ 82. Kg4 Qd4+ 83. Kf3
Qd1+ 84. Kf4 Qf1+ 85. Kg4 Qg2+ 86. Kf4 Qh2+ 87. Kg4 Qg1+ 88. Kf4 Qc1+ 89. Kg4
Qc4+ 90. Kf3 Qc6+ 91. Kf4 f6 92. Qg4+ Kf7 93. Qh5+ Kg7 94. Qg4+ Kf8 95. Qf5
Qc1+ 96. Kg4 Qg1+ 97. Kf4 Qh2+ 98. Kf3 Qh1+ 99. Kf4 Qf1+ 100. Kg4 Qg2+ 101. Kf4
Qd2+ 102. Kg4 Kg7 103. Kf3 Qc3+ 104. Kg4 Qd4+ 105. Kf3 Kf8 106. Qc8+ Ke7 107.
Qf5 Qd1+ 108. Kg3 Qb3+ 109. Kf4 Qc3 110. Qh7+ Kd6 111. Qf5 Qd2+ 112. Kg4 Qg2+
113. Kf4 Qh2+ 114. Kg4 Qg1+ 115. Kf4 Qd4+ 116. Kf3 Ke7 117. Kg3 Qe3+ 118. Kg4
Qd4+ 119. Kf3 Kd6 120. Qf4+ Qe5 121. Kg4 Ke6 122. Qc4+ Ke7 123. Qf4 Qe2+ 124.
Kf5 Qh5+ 125. Ke4 Ke6 126. Ke3 Qc5+ 127. Kf3 Qf5 128. Kg3 Qd3+ 129. Kf2 Qc2+
130. Kf3 Qd3+ 131. Kf2 Qc2+ 132. Kf3 Qc3+ 133. Kf2 Kd5 134. Kg2 Qe5 135. Kf3
Qc3+ 136. Kf2 Qc2+ 137. Kf3 f5 138. Kg3 Qd3+ 139. Kf2 Qe4 140. Kg3 Kd4 141.
Qd2+ Kc4 142. Qa2+ Kd4 143. Qd2+ Ke5 144. Qa5+ Kf6 145. Qb6+ Kg7 146. Qc7+ Kg6
147. Qd6+ Kh5 148. Qf4 Qe1+ 149. Kf3 Qc3+ 150. Kf2 Qc2+ 151. Kg3 Qb1 152. Qf3+
Kg6 153. Qf4 Qd1 154. Kf2 Qd5 155. Ke3 Qc5+ 156. Kf3 Qc3+ 157. Kf2 Qc5+ 158.
Kf3 Qd5+ 159. Kf2 Kf6 160. Qh6+ Ke5 161. Qg7+ Kd6 162. Qf8+ Kd7 163. Qg7+ Kc6
164. Qc3+ Kd7 165. Qg7+ Kd6 166. Qf6+ Kd7 167. Qg7+ Kc8 168. Qf8+ Kc7 169. Qg7+
Kb6 170. Qb2+ Kc6 171. Qc3+ Kb7 172. Qb2+ Kc7 173. Qc3+ Kb7 174. Qb2+ Ka6 175.
Qa1+ Kb5 176. Qb2+ Ka4 177. Qc2+ Kb4 178. Qb2+ Kc5 1/2-1/2

[Event "NK senioren en veteranen 2015"]
[Site "Oosterbeek, Netherlands"]
[Date "2015.07.06"]
[Round "3"]
[White "Stap, Kees"]
[Black "Pluymert, Piet"]
[Result "1-0"]
[WhiteElo "2132"]
[BlackElo "1975"]
[PlyCount "98"]
[EventDate "2015.??.??"]

1. c4 Nf6 2. g3 d5 3. cxd5 Nxd5 4. Bg2 c5 5. Nc3 e6 6. Nxd5 exd5 7. Qb3 d4 8.
Bxb7 Bxb7 9. Qxb7 Nd7 10. Nf3 Be7 11. O-O O-O 12. d3 Nf6 13. Nd2 a5 14. Nc4 a4
15. Bg5 Rb8 16. Qc6 Rc8 17. Qf3 Nd7 18. Bxe7 Qxe7 19. Rfb1 Rfe8 20. b3 axb3 21.
Rxb3 Qxe2 22. Qxe2 Rxe2 23. a4 Re6 24. a5 Ra6 25. Rb7 Nb8 26. Nb6 Rd8 27. Rc7
g6 28. Rxc5 Kg7 29. Nc4 Nc6 30. Rb1 Ne7 31. Rb7 Nf5 32. Rcc7 Rf8 33. Rd7 h5 34.
h3 Re6 35. Kf1 Rf6 36. Kg2 Re6 37. Rb6 Re2 38. a6 Ra2 39. a7 Ne3+ 40. Kf3 Nxc4
41. dxc4 d3 42. Rbb7 d2 43. c5 Rc8 44. Rxf7+ Kh6 45. Rbd7 Rxc5 46. Rxd2 Ra3+
47. Kg2 Rf5 48. Rb7 Rf8 49. Rb8 Kg7 1-0

[Event "NK senioren en veteranen 2015"]
[Site "Oosterbeek, Netherlands"]
[Date "2015.07.06"]
[Round "3"]
[White "Selten, Jan"]
[Black "Markus, John"]
[Result "1-0"]
[WhiteElo "2109"]
[BlackElo "2095"]
[PlyCount "99"]
[EventDate "2015.??.??"]

1. e4 e5 2. Nf3 Nc6 3. Bc4 Nf6 4. Ng5 Bc5 5. Bxf7+ Ke7 6. Bd5 Qe8 7. Nf3 d6 8.
c3 Bg4 9. Bxc6 bxc6 10. d4 Bb6 11. Qd3 Qh5 12. Nbd2 Rad8 13. b3 Rhe8 14. Ba3
Kf7 15. dxe5 dxe5 16. Qc4+ Be6 17. Qe2 Ng4 18. Rf1 Nxh2 19. Nxh2 Qxh2 20. O-O-O
Qf4 21. Kc2 Kg8 22. Bc1 Qf7 23. f3 a5 24. Nc4 Bxc4 25. Qxc4 Qxc4 26. bxc4 Bc5
27. Bg5 Rd6 28. Rxd6 cxd6 29. Rb1 h6 30. Bd2 Re6 31. Kd3 h5 32. Be3 Rg6 33.
Bxc5 dxc5 34. Rb2 a4 35. a3 h4 36. Ke3 Kh7 37. Kf2 Rd6 38. Ke2 Kh6 39. Rb7 Rg6
40. Kf2 Rd6 41. Ke2 g6 42. Re7 Kg5 43. Rxe5+ Kf4 44. Rxc5 Rd8 45. Rxc6 g5 46.
Rc5 Rf8 47. Rf5+ Rxf5 48. exf5 Kxf5 49. c5 Ke5 50. c4 1-0

[Event "NK senioren en veteranen 2015"]
[Site "Oosterbeek, Netherlands"]
[Date "2015.07.06"]
[Round "3"]
[White "Van Oosten, Arend"]
[Black "Reulink, Fred"]
[Result "0-1"]
[WhiteElo "2154"]
[BlackElo "2025"]
[PlyCount "34"]
[EventDate "2015.??.??"]

1. e4 d5 2. exd5 Qxd5 3. Nf3 Bg4 4. Be2 Nc6 5. d4 O-O-O 6. c4 Qd7 7. d5 Bxf3 8.
Bxf3 Ne5 9. O-O e6 10. dxe6 Qxe6 11. Bd5 Qf5 12. Bxb7+ Kxb7 13. Qxd8 Nf6 14.
Qd4 Bd6 15. Qf4 Qh5 16. c5 Nd5 17. g4 Nxg4 0-1

[Event "NK senioren en veteranen 2015"]
[Site "Oosterbeek, Netherlands"]
[Date "2015.07.06"]
[Round "3"]
[White "Schouten, Nico"]
[Black "Toorman, Jan"]
[Result "0-1"]
[WhiteElo "2143"]
[BlackElo "2013"]
[PlyCount "82"]
[EventDate "2015.??.??"]

1. d4 d5 2. c4 c6 3. Nc3 Nf6 4. Nf3 e6 5. e3 Nbd7 6. Be2 Be7 7. O-O O-O 8. b3
b6 9. Bb2 Bb7 10. Rc1 Rc8 11. Nd2 Re8 12. e4 dxe4 13. Ndxe4 Nxe4 14. Nxe4 Nf6
15. Bf3 Qd7 16. Qe2 Nxe4 17. Qxe4 Bf6 18. Rcd1 Qe7 19. Rfe1 h6 20. h3 Ba8 21.
Qc2 Qc7 22. Rd3 Red8 23. Red1 Bb7 24. Be4 Qe7 25. Qe2 Rd7 26. Qf3 Kf8 27. Kh2
Ke8 28. g3 Rcc7 29. Bc1 Bg5 30. Bxg5 Qxg5 31. d5 cxd5 32. cxd5 f5 33. Qe2 fxe4
34. Qxe4 Qf5 35. Qxf5 exf5 36. Re1+ Kf8 37. Re5 g6 38. Re6 Kf7 39. Re5 Rc2 40.
Kg1 Rc1+ 41. Kh2 Rc5 0-1

[Event "NK senioren en veteranen 2015"]
[Site "Oosterbeek, Netherlands"]
[Date "2015.07.06"]
[Round "3"]
[White "Van Duijn, Roel"]
[Black "Hoynck van Papendrecht, Fr"]
[Result "0-1"]
[WhiteElo "2094"]
[BlackElo "2011"]
[PlyCount "92"]
[EventDate "2015.??.??"]

1. e4 c5 2. a3 a6 3. b4 d5 4. exd5 Nf6 5. bxc5 Qxd5 6. Nc3 Qxc5 7. Nf3 g5 8. a4
g4 9. Ba3 Qc7 10. Nd4 Bg7 11. Be2 Nc6 12. Nxc6 Qxc6 13. O-O h5 14. Re1 Be6 15.
Bf1 h4 16. Ne2 Ne4 17. c3 g3 18. f3 Nf2 19. Qb1 gxh2+ 20. Kxh2 h3 21. Qb4 Qc7+
22. g3 Nd3 23. Qe4 Nxe1 24. Rxe1 Rd8 25. d4 Bf6 26. Nf4 Rg8 27. Bc5 Rd5 28. Bb6
Qxb6 29. Nxd5 Bxd5 30. Qxd5 Qc7 31. Re5 Bxe5 32. dxe5 Rg5 33. f4 Rg6 34. Bd3
Rb6 35. Qd4 Rb2+ 36. Kxh3 Qd7+ 37. f5 Qxd4 38. cxd4 Rb4 39. Be4 a5 40. e6 fxe6
41. fxe6 Kf8 42. Bc2 Rxd4 43. g4 Kg7 44. Kh4 Rb4 45. Kg5 b5 46. axb5 a4 0-1

[Event "NK senioren en veteranen 2015"]
[Site "Oosterbeek, Netherlands"]
[Date "2015.07.06"]
[Round "3"]
[White "Perrenet, Jacob"]
[Black "Holscher, Peter"]
[Result "0-1"]
[WhiteElo "2049"]
[BlackElo "1979"]
[PlyCount "128"]
[EventDate "2015.??.??"]

1. Nc3 e5 2. Nf3 Nc6 3. d4 exd4 4. Nxd4 g6 5. Nd5 Nb4 6. e4 Nxd5 7. exd5 Bg7 8.
Be3 d6 9. Bb5+ Bd7 10. Qe2 Ne7 11. O-O-O O-O 12. Bg5 f6 13. Bh4 Nf5 14. Ne6
Bxe6 15. dxe6 Qe7 16. Bg3 c6 17. Ba4 b5 18. Bb3 d5 19. Rhe1 Rfe8 20. c3 a5 21.
Bc2 Bh6+ 22. Kb1 Ng7 23. f4 Qxe6 24. Qf3 Qd7 25. Bf2 Rxe1 26. Rxe1 Re8 27.
Rxe8+ Nxe8 28. f5 g5 29. a3 Bf8 30. b4 axb4 31. axb4 Nd6 32. Bd4 Nc4 33. Qf2
Be7 34. h4 gxh4 35. Qxh4 Na3+ 36. Kc1 Nxc2 37. Qg4+ Kh8 38. Kxc2 Bd8 39. Qf4
Kg8 40. Kb3 Bc7 41. Qg4+ Qg7 42. Qe2 Be5 43. g4 h6 44. Bc5 Kh7 45. Be3 Qg8 46.
Bd4 Bxd4 47. cxd4 h5 48. gxh5 Qg3+ 49. Kb2 Kh6 50. Ka2 Qf4 51. Qe8 Qh2+ 52. Kb3
Qxh5 53. Qxc6 Qd1+ 54. Kb2 Qxd4+ 55. Ka3 Qa1+ 56. Kb3 Qa4+ 57. Kc3 Qa1+ 58. Kb3
Qb1+ 59. Ka3 Qd3+ 60. Kb2 Kg5 61. Qd7 Qd4+ 62. Kc2 Qc4+ 63. Kd1 Kf4 64. Qe6
Qd3+ 0-1

[Event "NK senioren en veteranen 2015"]
[Site "Oosterbeek, Netherlands"]
[Date "2015.07.06"]
[Round "3"]
[White "Etmans, Maarten"]
[Black "Hoogland, Dirk"]
[Result "1/2-1/2"]
[WhiteElo "1987"]
[BlackElo "2110"]
[PlyCount "41"]
[EventDate "2015.??.??"]

1. e4 c5 2. Nf3 g6 3. c3 Bg7 4. d4 cxd4 5. cxd4 d5 6. exd5 Nf6 7. Bb5+ Nbd7 8.
Nc3 O-O 9. Bg5 Nb6 10. Bxf6 Bxf6 11. Qb3 Bf5 12. a4 e6 13. dxe6 Bxe6 14. Qd1
Rc8 15. O-O Nd5 16. Qd2 Nxc3 17. bxc3 Bg4 18. Be2 Qa5 19. Qf4 Bxf3 20. Qxf3 Kg7
21. Qxb7 1/2-1/2

[Event "NK senioren en veteranen 2015"]
[Site "Oosterbeek, Netherlands"]
[Date "2015.07.06"]
[Round "3"]
[White "Landsbergen, Ron"]
[Black "Houweling, Bert"]
[Result "0-1"]
[WhiteElo "1963"]
[BlackElo "2045"]
[PlyCount "86"]
[EventDate "2015.??.??"]

1. d4 Nf6 2. c4 c5 3. d5 e6 4. Nc3 exd5 5. cxd5 d6 6. Nf3 g6 7. Nd2 Nbd7 8. e4
a6 9. a4 Bg7 10. Be2 O-O 11. O-O Re8 12. h3 g5 13. Qc2 Qe7 14. Re1 Ne5 15. Nf1
g4 16. h4 Ng6 17. g3 Nh5 18. Bd3 Ne5 19. Be2 Bf6 20. Nh2 Kh8 21. Be3 Rg8 22.
Kg2 Bxh4 23. Rh1 Bg5 24. Qd2 Bxe3 25. Qxe3 Qg5 26. Nf1 Nf6 27. Rh4 Bd7 28. Qxg5
Rxg5 29. Ne3 Rh5 30. Rxh5 Nxh5 31. Ra3 Rd8 32. Rb3 Bc8 33. Rb6 Kg7 34. Nf5+
Bxf5 35. exf5 Rd7 36. Nd1 Nf6 37. Ne3 h5 38. f4 gxf3+ 39. Bxf3 Kh6 40. a5 Kg5
41. Rb3 Nxf3 42. Kxf3 Ng4 43. Nc4 Kxf5 0-1

[Event "NK senioren en veteranen 2015"]
[Site "Oosterbeek, Netherlands"]
[Date "2015.07.06"]
[Round "3"]
[White "Pols, Leendert"]
[Black "Huysman, Arie"]
[Result "1-0"]
[WhiteElo "1963"]
[BlackElo "2020"]
[PlyCount "71"]
[EventDate "2015.??.??"]

1. d4 Nf6 2. Nf3 e6 3. g3 c5 4. Bg2 Nc6 5. c4 d5 6. cxd5 exd5 7. Nc3 Ne4 8. O-O
Nxc3 9. bxc3 c4 10. e4 dxe4 11. Nd2 f5 12. Nxc4 Be6 13. Ne3 Qa5 14. Bd2 Qd8 15.
Bc1 Qa5 16. Bd2 Qd8 17. Qa4 a6 18. Rfd1 b5 19. Qc2 Rc8 20. Qb2 Na5 21. a4 Nc4
22. Nxc4 Bxc4 23. Bf1 Bxf1 24. Rxf1 b4 25. cxb4 Rc4 26. b5 Qxd4 27. Qxd4 Rxd4
28. Be3 Rd8 29. bxa6 Bd6 30. Rfb1 O-O 31. Rb7 f4 32. gxf4 Bxf4 33. a7 Be5 34.
Rab1 Rf6 35. Kf1 Bxh2 36. Bg5 1-0

[Event "NK senioren en veteranen 2015"]
[Site "Oosterbeek, Netherlands"]
[Date "2015.07.06"]
[Round "3"]
[White "Taal, Anne Paul"]
[Black "Lootsma, Jan"]
[Result "1-0"]
[WhiteElo "1913"]
[BlackElo "1986"]
[PlyCount "61"]
[EventDate "2015.??.??"]

1. d4 e6 2. Nd2 d5 3. e4 Nf6 4. exd5 exd5 5. Bd3 Bd6 6. Ngf3 O-O 7. O-O Bg4 8.
c3 Nbd7 9. Qc2 c6 10. h3 Bh5 11. b3 Rc8 12. a4 Qc7 13. Bb2 c5 14. c4 dxc4 15.
Bxc4 cxd4 16. Bxd4 Ne5 17. Qc3 Rfe8 18. Rac1 Nfd7 19. Rfe1 Qb8 20. Nxe5 Nxe5
21. Qa5 Nxc4 22. Nxc4 Bh2+ 23. Kh1 Bg6 24. Bxa7 Qf4 25. Be3 Qb8 26. Ba7 Qf4 27.
Be3 Qb8 28. Qb5 Bf4 29. Bxf4 Rxe1+ 30. Rxe1 Qxf4 31. Re8+ 1-0

[Event "NK senioren en veteranen 2015"]
[Site "Oosterbeek, Netherlands"]
[Date "2015.07.06"]
[Round "3"]
[White "Mostertman, Loek"]
[Black "Goossen, Theo"]
[Result "0-1"]
[WhiteElo "1945"]
[BlackElo "1962"]
[PlyCount "52"]
[EventDate "2015.??.??"]

1. e4 c5 2. d4 cxd4 3. Nf3 Nc6 4. c3 dxc3 5. Nxc3 e6 6. Bc4 a6 7. O-O b5 8. Bb3
Bb7 9. Qe2 Nge7 10. Rd1 Ng6 11. Bg5 Be7 12. h4 Nxh4 13. Bxh4 Bxh4 14. Nxh4 Qxh4
15. Rac1 Rd8 16. Rd3 Ne5 17. Rh3 Qf4 18. Re1 g6 19. f3 h5 20. Qf2 Nd3 21. Qd4
Nxe1 22. Qxh8+ Ke7 23. Qd4 Qd6 24. Qe3 Nd3 25. Qg5+ Ke8 26. Rh4 Qc5+ 0-1

[Event "NK senioren en veteranen 2015"]
[Site "Oosterbeek, Netherlands"]
[Date "2015.07.06"]
[Round "3"]
[White "Erwich, Frans"]
[Black "Fassaert, Désiré"]
[Result "1-0"]
[WhiteElo "1949"]
[BlackElo "1910"]
[PlyCount "132"]
[EventDate "2015.??.??"]

1. e4 c6 2. d4 d5 3. e5 Bf5 4. Be3 e6 5. Nd2 Nd7 6. Ngf3 Ne7 7. Be2 Bg6 8. c4
dxc4 9. Nxc4 Nd5 10. Bg5 Qc7 11. Rc1 h6 12. Bd2 N7b6 13. b3 Nb4 14. Bxb4 Bxb4+
15. Kf1 O-O 16. h4 Nd5 17. h5 Bh7 18. Bd3 Rad8 19. Rh4 Qe7 20. Rg4 a6 21. Bxh7+
Kxh7 22. Qd3+ Kh8 23. Nh4 b5 24. Nd2 c5 25. Ne4 cxd4 26. Qg3 Rg8 27. Rg6 d3 28.
Nf6 Nxf6 29. exf6 Qd6 30. fxg7+ Kh7 31. Nf5 exf5 32. Rxd6 Rxd6 33. Qf4 d2 34.
Rd1 a5 35. a3 Bxa3 36. Rxd2 Rxd2 37. Qxd2 Bb4 38. Qd5 Kxg7 39. Qxf5 Re8 40. g4
Re6 41. Qxb5 Re1+ 42. Kg2 Re4 43. f3 Re6 44. Qd5 Re2+ 45. Kg3 Re6 46. g5 hxg5
47. Qxg5+ Kh7 48. Kg4 Rd6 49. Qf5+ Kg7 50. Qe5+ Kh7 51. f4 Re6 52. Qf5+ Kg7 53.
Qg5+ Kh7 54. f5 Re8 55. Qf6 Rg8+ 56. Kf3 Rg7 57. h6 Rg1 58. Ke2 Kg8 59. h7+
Kxh7 60. Qxf7+ Rg7 61. Qh5+ Kg8 62. Qe8+ Kh7 63. f6 Ra7 64. Kd3 Rc7 65. f7 Rc3+
66. Kd4 Rf3 1-0

[Event "NK senioren en veteranen 2015"]
[Site "Oosterbeek, Netherlands"]
[Date "2015.07.07"]
[Round "4"]
[White "Van den Berg, Ad"]
[Black "Stap, Kees"]
[Result "1-0"]
[WhiteElo "2199"]
[BlackElo "2132"]
[PlyCount "81"]
[EventDate "2015.??.??"]

1. d4 d6 2. c4 e5 3. e3 c6 4. Nc3 Nf6 5. Nf3 Qc7 6. Be2 Bg4 7. h3 Bh5 8. g4 Bg6
9. Nh4 Be7 10. Ng2 Nbd7 11. f4 exf4 12. exf4 Be4 13. O-O Bxg2 14. Kxg2 d5 15.
cxd5 Nxd5 16. Nxd5 cxd5 17. Qb3 Nb6 18. Bb5+ Kf8 19. f5 f6 20. Bf4 Bd6 21. Rac1
Qd8 22. Rce1 Kf7 23. Bxd6 Qxd6 24. Re6 Qc7 25. Rfe1 Rhd8 26. Qe3 Kf8 27. b3
Rac8 28. Re7 Qd6 29. Re2 a6 30. Re6 Qc7 31. Bd3 Nd7 32. h4 Qc1 33. Qg3 Nb8 34.
g5 fxg5 35. hxg5 Nc6 36. f6 g6 37. Qh4 Kg8 38. Qh6 Rd7 39. Re8+ Rxe8 40. Rxe8+
Kf7 41. Qf8# 1-0

[Event "NK senioren en veteranen 2015"]
[Site "Oosterbeek, Netherlands"]
[Date "2015.07.07"]
[Round "4"]
[White "Jonkman, Fokke"]
[Black "Vogel, Jaap"]
[Result "1/2-1/2"]
[WhiteElo "2088"]
[BlackElo "2173"]
[PlyCount "64"]
[EventDate "2015.??.??"]

1. c4 e6 2. Nf3 d5 3. g3 Nf6 4. b3 c5 5. e3 Nc6 6. Bg2 Be7 7. O-O O-O 8. Bb2 b6
9. d3 Bb7 10. Nc3 Rc8 11. Qe2 Qc7 12. Rfd1 dxc4 13. bxc4 Qb8 14. Ne1 Na5 15.
Bh3 Rcd8 16. f4 Qa8 17. g4 Ne8 18. g5 f5 19. Bg2 Bxg2 20. Qxg2 Qxg2+ 21. Kxg2
Nc7 22. Nf3 Bd6 23. Rab1 Nc6 24. Nb5 Nxb5 25. cxb5 Nb4 26. Kf2 Bb8 27. Ke2 Nxa2
28. Rd2 Nb4 29. Ba3 Nd5 30. Rc2 Rfe8 31. Bb2 Nb4 32. Rd2 Nd5 1/2-1/2

[Event "NK senioren en veteranen 2015"]
[Site "Oosterbeek, Netherlands"]
[Date "2015.07.07"]
[Round "4"]
[White "Boersma, Jan"]
[Black "Selten, Jan"]
[Result "1-0"]
[WhiteElo "2145"]
[BlackElo "2109"]
[PlyCount "49"]
[EventDate "2015.??.??"]

1. e4 e6 2. d4 d5 3. exd5 exd5 4. c4 Nf6 5. Nc3 Bb4 6. Bd3 O-O 7. Nge2 Nbd7 8.
O-O dxc4 9. Bxc4 Nb6 10. Bb3 h6 11. Bf4 Nbd5 12. Be5 Bg4 13. Qd3 Re8 14. Qg3
Bxc3 15. Nxc3 Nxc3 16. bxc3 Be2 17. Rfe1 Bb5 18. Re3 Rf8 19. Qg6 Kh8 20. Bxf7
Be8 21. Bxe8 Qxe8 22. Qg3 Qd7 23. Rae1 Nd5 24. Re4 Rae8 25. Qxg7+ 1-0

[Event "NK senioren en veteranen 2015"]
[Site "Oosterbeek, Netherlands"]
[Date "2015.07.07"]
[Round "4"]
[White "Toorman, Jan"]
[Black "Homs, Guust"]
[Result "0-1"]
[WhiteElo "2013"]
[BlackElo "2188"]
[PlyCount "54"]
[EventDate "2015.??.??"]

1. e4 e5 2. Nf3 Nc6 3. Bb5 a6 4. Ba4 d6 5. d3 Nge7 6. c4 g6 7. Bg5 Bg7 8. Bxc6+
bxc6 9. Nc3 O-O 10. h3 f6 11. Be3 c5 12. Nd2 Nc6 13. f3 Nd4 14. Ne2 Be6 15.
Nxd4 cxd4 16. Bf2 f5 17. b3 Bh6 18. Nf1 c6 19. Ng3 Qa5+ 20. Kf1 Qa3 21. Kg1 d5
22. cxd5 cxd5 23. exf5 Bxf5 24. Nxf5 Rxf5 25. Kh2 Qb2 26. Rf1 Rc8 27. Bg1 Rc2
0-1